| 000 | 01450nam2a22002411 4500 | ||
|---|---|---|---|
| 001 | RU\NLR\INFOCOMM4\1000586703 | ||
| 005 | 20250617122101.0 | ||
| 035 | _a(NLR Aleph) 002598216 | ||
| 090 |
_a3420052 _c3420052 |
||
| 100 | _a20040616d1987 |||y0rusy50 ca | ||
| 101 | 0 | _arus | |
| 102 | _aRU | ||
| 105 | _ay ||||||||| | ||
| 200 | 1 | _aРазвитие социалистического соревнования на предприятиях за экономию сырья, материалов и топливно-энергетических ресурсов | |
| 210 |
_d1987 _aБ. м. |
||
| 461 | 0 |
_1001RU\NLR\INFOCOMM4\1000586673 _12001#$aОрганизация социалистического соревнования в легкой промышленности$eОбзоры по основным направлениям отрасли$fЦНИИ информ. и техн.-экон. исслед. лег. пром-сти$v1987, Вып.7 _93415356 _cМ. _d1984- _fЦНИИ информ. и техн.-экон. исслед. лег. пром-сти _oОбзоры по основным направлениям отрасли _tОрганизация социалистического соревнования в легкой промышленности _x0233-6103 _v1987, Вып.7 |
|
| 801 | 1 |
_aRU _bInfoComm _c20040616 |
|
| 801 | 0 |
_aRU _bNLR _gPSBO |
|
| 852 |
_aNLR _jП22/5056 |
||
| 942 | _cISSUE | ||
| 980 | _aNB | ||
| 980 | _aRUSPER | ||